The guardian (Record no. 26096)
[ view plain ]
| 000 -LEADER | |
|---|---|
| fixed length control field | 02061nam a22002297a 4500 |
| 003 - CONTROL NUMBER IDENTIFIER | |
| control field | PILC |
| 005 - DATE AND TIME OF LATEST TRANSACTION | |
| control field | 20160127143520.0 |
| 008 - FIXED-LENGTH DATA ELEMENTS--GENERAL INFORMATION | |
| fixed length control field | 140123b xxu||||| |||| 00| 0 eng d |
| 020 ## - INTERNATIONAL STANDARD BOOK NUMBER | |
| International Standard Book Number | 9780446613439 |
| 050 ## - LIBRARY OF CONGRESS CALL NUMBER | |
| Classification number | PS 3569.P363 |
| Item number | .Sp26q 2003 |
| 100 ## - MAIN ENTRY--PERSONAL NAME | |
| Personal name | Sparks, Nicholas |
| 245 ## - TITLE STATEMENT | |
| Title | The guardian |
| Statement of responsibility, etc | Nicholas Sparks. |
| 260 ## - PUBLICATION, DISTRIBUTION, ETC. (IMPRINT) | |
| Place of publication, distribution, etc | New York |
| Name of publisher, distributor, etc | : Fiction Vision, |
| Date of publication, distribution, etc | 2000. |
| 300 ## - PHYSICAL DESCRIPTION | |
| Extent | 494p. : |
| Other physical details | ill. ; |
| Dimensions | 18 cm. |
| 520 ## - SUMMARY, ETC. | |
| Summary, etc | y When confronted by raging fires or deadly accidents, volunteer fireman Taylor McAden feels compelled to take terrifying risks - risks no one else in the department would ever take - to save lives. But there is one leap of faith Taylor can't bring himself to make: He can't fall in love. For all his adult years, Taylor has sought out women who need to be rescued, women he leaves as soon as their crisis is over, as soon as the relationship starts to become truly intimate. Then, one day, a raging, record-breaking storm hits his small Southern town. Denise Holton, a young single mother, is driving through it when her car skids off the road. With her is her four-year-old son, Kyle, a boy with severe learning disabilities and for whom she has sacrificed everything. Unconscious and bleeding, she-but not Kyle-will be found by Taylor McAden. And when she wakes, the chilling truth becomes clear to both of them: Kyle is gone. During the search for Kyle, the connection, the lifeline, between Taylor and Denise takes root. Taylor doesn't know that this rescue will be different from all the others, demanding far more than raw physical courage. That it will lead him to the possibility of his own rescue from a life lived without love. That it will require him to open doors to his past that were slammed shut by pain. That it will dare him to live life to the fullest by daring to love. |
| 650 ## - SUBJECT ADDED ENTRY--TOPICAL TERM | |
| Topical term or geographic name as entry element | Widows --Fiction |
| 650 ## - SUBJECT ADDED ENTRY--TOPICAL TERM | |
| Topical term or geographic name as entry element | . Swansboro (N.C.) --Fiction. |
| 650 ## - SUBJECT ADDED ENTRY--TOPICAL TERM | |
| Topical term or geographic name as entry element | Triangles (Interpersonal relations) --Fiction |
| 650 ## - SUBJECT ADDED ENTRY--TOPICAL TERM | |
| Topical term or geographic name as entry element | Romantic love- Juvenile Fiction |
| 942 ## - ADDED ENTRY ELEMENTS (KOHA) | |
| Source of classification or shelving scheme | Library of Congress Classification |
| Koha item type | Books |
| Withdrawn status | Lost status | Source of classification or shelving scheme | Damaged status | Home library | Current library | Shelving location | Date acquired | Total Checkouts | Total Renewals | Full call number | Barcode | Date last seen | Date checked out | Copy number | Price effective from | Koha item type |
|---|---|---|---|---|---|---|---|---|---|---|---|---|---|---|---|---|
| Library of Congress Classification | Luxembourg Library | Luxembourg Library | Fiction Section | 01/23/2014 | 7 | 22 | PS 3569.P363 .Sp26q 2003 | 19626 | 04/10/2017 | 01/18/2017 | 1 | 01/23/2014 | Books |